• 首页
  • 本馆介绍
  • 公告通知
  • 最新文献
  • 馆藏检索
  • 电子资源
  • 读者导购
  • 参考咨询
  • 我的图书馆
  • 登录
  • 详细信息显示
  • 放入我的书架
  • 预约/预借图书
  • 作者相关作品
  • 分类相关作品
  • 丛书相关作品
  • 出版社相关作品

书目信息

  • 表格格式
  • 工作单格式
  • 卡片格式
题名:
乡村旅游规划理论与实践
    
 
作者: 陈秋华 , 纪金雄 著
分册:  
出版信息: 北京   中国旅游出版社  2014
页数: 356页
开本: 23cm
丛书名:
单 册:
中图分类: F592.1
科图分类:
主题词: 乡村--Xiang Cun--旅游规划--中国
电子资源:
ISBN: 978-7-5032-5218-1
000 01039nam0 22002531 450
001 0121113051
005 20161122092718.76
010    @a978-7-5032-5218-1@dCNY48.00
100    @a20150324d2014 em y0chiy50 ea
101 0  @achi
102    @aCN@b110000
105    @ay z 000yy
106    @ar
200 1  @a乡村旅游规划理论与实践@AXiang Cun Lv You Gui Hua Li Lun Yu Shi Jian@dRural tourism planning theory and practice@f陈秋华,纪金雄等著@zeng
210    @a北京@c中国旅游出版社@d2014
215    @a356页@d23cm
330    @a本书分为理论研究和实例分析两部分。其中理论研究部分涉及乡村旅游基本内涵与特征、乡村旅游要素与产品、台湾乡村旅游发展经验与启示等;实例分析部分涉及梯田、溯源文化、生态农庄等13种常见主题的乡村旅游规划案例分析。
510 1  @aRural tourism planning theory and practice@zeng
606 0  @a乡村@AXiang Cun@x旅游规划@y中国
690    @aF592.1@v5
701  0 @a陈秋华@AChen Qiu Hua@f(1964.6~)@4著
701  0 @a纪金雄@AJi Jin Xiong@f(1983~)@4著
801  0 @aCN@bTANGWEI@c20161118
905    @b0898306-10@dF592.1@e489@f5
    
    乡村旅游规划理论与实践=Rural tourism planning theory and practice/陈秋华,纪金雄等著.-北京:中国旅游出版社,2014
    356页;23cm
    
    
    ISBN 978-7-5032-5218-1:CNY48.00
    本书分为理论研究和实例分析两部分。其中理论研究部分涉及乡村旅游基本内涵与特征、乡村旅游要素与产品、台湾乡村旅游发展经验与启示等;实例分析部分涉及梯田、溯源文化、生态农庄等13种常见主题的乡村旅游规划案例分析。
●
相关链接 在E读中查询图书 在五车中查询图书 在当当中查询图书 在豆瓣中查询图书


正题名:乡村旅游规划理论与实践     索取号:F592.1/489         预约/预借

序号 登录号 条形码 馆藏地/架位号 状态 备注
1 0898306   208983064   第一样本阅览室/ [索取号:F592.1/489] 在馆    
2 0898307   208983073   密集书库-资源管理系/ [索取号:F592.1/489] 在馆    
3 0898308   208983082   第一借阅区/ [索取号:F592.1/489] 在馆    
4 0898309   208983091   第一借阅区/ [索取号:F592.1/489] 在馆    
5 0898310   208983108   第一借阅区/ [索取号:F592.1/489] 在馆    
唐山师范学院图书馆 欢迎您!
大连网信软件有限公司© 版权所有